[Event "Women-Veterans"]
[Site "London"]
[Date "1996.??.??"]
[Round "8"]
[White "Arakhamia Grant, Ketevan"]
[Black "Smyslov, Vassily V"]
[Result "1-0"]
[WhiteElo "2455"]
[BlackElo "2510"]
[Annotator "Har Zvi,R"]
[PlyCount "65"]
[EventDate "1996.08.15"]
[EventType "schev"]
[EventRounds "5"]
[EventCountry "ENG"]
[SourceTitle "CBM 055"]
[Source "ChessBase"]
[SourceDate "1996.12.01"]
[SourceVersion "1"]
[SourceVersionDate "1996.12.01"]
[SourceQuality "1"]

1. e4 e5 2. Nf3 Nc6 3. Bc4 Nf6 4. Ng5 d5 5. exd5 Na5 6. Bb5+ c6 7. dxc6 bxc6 8.
Be2 h6 9. Nf3 (9. Nh3) 9... e4 10. Ne5 Bd6 11. d4 exd3 12. Nxd3 Qc7 13. b3 O-O
(13... Bf5 14. Bb2 O-O-O 15. Nd2 Rhe8 16. Kf1 Kb8 17. b4 Nb7 18. a3 Bxh2 $10 {
Short,N-Van der Sterren Wijk ann Zee 1987}) 14. Bb2 Ne4 (14... Re8 15. h3 Nd5
16. O-O Qe7 17. Nc3 $1 Nxc3 18. Bxc3 $14 Nxb3 $8 19. axb3 (19. Bf3 Nxa1 20.
Bxc6 Bb7 $15) 19... Qxe2 {Morozevich,A}) (14... Bf5 15. Nd2 Rad8 16. h3 c5 $1
17. O-O c4 18. Nxc4 Nxc4 19. bxc4 Qxc4 20. Bxf6 gxf6 21. Bg4 Bh7 $44 {Mastel,
A-Flear,G London 1986}) 15. Nc3 Nxc3 $6 (15... f5 16. h3 (16. f3 Nc5 17. Qd2
Rd8 $1 $44 18. O-O-O Nxd3+ 19. Qxd3 Bf4+ $19) (16. f4 Ba6 (16... Bxf4 17. Nxf4
Qxf4 18. Nxe4 fxe4 19. Qd4 $18) 17. O-O Rad8 $44 {Morozevich,A}) 16... Bb7 (
16... Ba6 17. O-O Rad8 18. Qe1 c5 19. Kh1 (19. Rd1 $5 c4 20. Nc1 $13) 19... Nc6
(19... Bb7 $145 $1 20. Bf3 $13) 20. Nxe4 fxe4 21. Nxc5 $1 Bxc5 22. Bxa6 Qf4 {
Morozevich,A-Nenashev,A Alusta 1994 60/318 [Nenashev,A]}) 17. O-O a6 (17... c5
$2 18. Nb5 Qc6 19. Nxd6 Nc3 20. Bf3 $18 {Morozevich,A}) 18. Qe1 c5 19. Rd1 Rae8
20. Nc1 Be5 21. Nxe4 fxe4 22. Bxe5 Rxe5 23. Qd2 Rg5 24. Qd6 $18 {Morozevich,
A-Onischuk,A Alusta 60/(318) 1994}) (15... Bf5 16. h3 Rad8 17. O-O Rfe8 18. Bf3
Ng5 19. Bg4 Bg6 20. Kh1 Qb7 21. f4 $16 {/+- Morozevich,A-Onischuk,Al PCA
Mosocw qualfication 25' 1996}) 16. Bxc3 c5 17. h3 $6 (17. Qd2) 17... c4 18. Nb2
Be5 $5 (18... cxb3 $2 19. Qd4) 19. Qd2 Bxc3 $6 {after this move black has
nothing, a better try was 19...cxb3} (19... cxb3 $5 20. Bxe5 $1 (20. Bxa5 Qxc2
21. Qxc2 bxc2 22. Rc1 Bxb2 23. Rxc2 $10) 20... Qxe5 21. axb3 Nc6 (21... Qxb2
22. Rxa5 Be6 23. Bd3 $1 (23. O-O Bxb3) 23... Rfe8 24. O-O Bxb3 $2 25. Qb4 Rab8
26. Rb5 $18) 22. Ra2 {and I can not see what can black do,white is going to
play Nc4-Ne3-0-0}) 20. Qxc3 Re8 21. Nd1 $1 f5 22. Ne3 {the game has been
decided,black has no compensation for the pawn,it is white who has the
initiative} f4 23. Nd5 Qf7 24. Qxa5 f3 25. gxf3 Qxf3 26. O-O-O Rxe2 27. Rhg1
cxb3 28. axb3 Bf5 29. Nf6+ $1 Kf7 (29... Kh8 30. Rd8+) 30. Qc7+ Re7 (30... Kxf6
31. Qxg7+ Ke6 32. Qxh6+) 31. Rxg7+ Kxg7 32. Qxe7+ Kh8 33. Rg1 1-0

[Event "Hangzhou (Women) 1st"]
[Site "Hangzhou"]
[Date "2011.07.21"]
[Round "7"]
[White "Kosintseva, Tatiana"]
[Black "Harika, Dronavalli"]
[Result "0-1"]
[WhiteElo "2557"]
[BlackElo "2513"]
[Annotator "Harika,D"]
[PlyCount "76"]
[EventDate "2011.07.14"]
[EventType "tourn"]
[EventRounds "9"]
[EventCountry "CHN"]
[EventCategory "11"]
[SourceTitle "CBM 144"]
[Source "ChessBase"]
[SourceDate "2011.09.16"]
[SourceVersion "1"]
[SourceVersionDate "2011.09.16"]
[SourceQuality "1"]

1. e4 e5 2. Nf3 Nc6 3. Bc4 {I didn't expect this because in recent years my
opponent has only played 3.Bb5.} Nf6 {Mainly I have played 3...Bc5 here. But I
also played one game with 3...Nf6 recently.} 4. Ng5 {Actually I had prepared
this for Nadezhda Kosintseva in round two at the same tournament. Though they 
(sisters) had never played this, I guessed she could be playing this sharp
line to divert me. But I didn't understand if she was prepared or if she was
playing it over the board as she took some time before playing this move.} d5 {
Both of us made the next few moves very quickly:} 5. exd5 Na5 6. Bb5+ c6 7.
dxc6 bxc6 8. Be2 h6 9. Nf3 e4 10. Ne5 Bc5 {So, from here my opponent started
spending time. Even I did't have much knowledge of this line, as I had never
played it before. But on a few occasions I had checked my friend Eesha
Karavade's analysis and just remembered the main lines and ideas. Also I was
bit lucky, that she played the only variation I remembered that day at the
board :).} 11. c3 Bd6 12. d4 exd3 13. Nxd3 O-O 14. O-O Re8 {At this point my
memory power stopped working :) and couldn't remember the analysis I had seen.
But I knew a few ideas & tactics.  Later I checked and there are very few
games with good results for Black.} 15. b3 $6 ({For example:} 15. Ne1 Ba6 $17)
(15. b4 Bf5 16. bxa5 Rxe2 17. Qxe2 Bxd3 18. Qxd3 Bxh2+ 19. Kxh2 Qxd3 20. Re1
Ng4+ 21. Kg1 Rd8 $19) 15... Bf5 $15 {With the threat of 16...Rxe2 & ...Bxd3.}
16. Be3 Nd5 17. Bd4 c5 18. Nxc5 Bxc5 19. Bxc5 Bxb1 20. Bf3 Be4 {Black is a
piece up, but still has to be careful to convert it into a win.} 21. Bxe4 Rxe4
22. Qd3 Rg4 (22... Re5 $142 $17) 23. g3 Nb7 24. Bxa7 $2 {This made my work
easier.} (24. Qf3 Qc8 25. Bd4 {would have tied down Black's pieces for some
time.}) 24... Rxa7 25. Rfd1 Nc5 26. Qb5 Qb6 27. Qe8+ Kh7 28. Rxd5 Ne4 (28...
Re4 $142 29. Qc8 Ne6 30. Kf1 Rc7 31. Qa8 Rxc3 $19) 29. Rd4 Nxf2 30. Kxf2 Rxd4
31. cxd4 Qxd4+ 32. Qe3 {Actually I missed this and became nervous because in
my previous game with Tatiana at the Olympiad, I blundered and lost in a clear
winning position. But this position is still clearly better for me due to
White's exposed king.} Qb2+ 33. Kf3 Ra5 $1 34. Re1 Qxh2 ({I missed a simple
win due to time trouble:} 34... Rf5+ 35. Kg4 Rf2 $19) 35. a4 (35. Qf4 {at
least can keep up the resistance for some time.}) 35... Rf5+ 36. Ke4 Qc2+ 37.
Kd4 Qc5+ 38. Kd3 Rd5+ {...winning the queen. At the Olympiad I lost the chance
of getting my third norm by blundering against Tatiana. Here I was able to
complete my GM norm with this crucial win.} 0-1

[Event "RUS-Cup9"]
[Site "Novgorod"]
[Date "1997.06.17"]
[Round "6"]
[White "Morozevich, Alexander"]
[Black "Balashov, Yuri S"]
[Result "1-0"]
[WhiteElo "2595"]
[BlackElo "2510"]
[Annotator "Hecht,H"]
[PlyCount "121"]
[EventDate "1997.06.11"]
[EventType "swiss"]
[EventRounds "9"]
[EventCountry "RUS"]
[SourceTitle "CBM 060"]
[Source "ChessBase"]
[SourceDate "1997.09.29"]
[SourceVersion "1"]
[SourceVersionDate "1997.09.29"]
[SourceQuality "1"]

1. e4 e5 2. Nf3 Nc6 3. Bc4 Nf6 4. Ng5 d5 5. exd5 Na5 6. Bb5+ c6 7. dxc6 bxc6 8.
Be2 h6 9. Nf3 e4 10. Ne5 Bd6 11. d4 exd3 12. Nxd3 Qc7 13. b3 O-O 14. Bb2 Nd5
15. h3 Bf5 16. O-O Rad8 17. Kh1 c5 18. Na3 c4 19. Nb5 Qd7 20. bxc4 Nxc4 21.
Nxd6 Nxb2 22. Nxb2 Qxd6 23. Bd3 Qf4 24. Qc1 Qe5 25. Re1 Qf6 26. Bxf5 Qxf5 27.
Nd3 Qf6 28. c4 Nc7 29. Qc2 Ne6 30. Rad1 Rd4 31. Nb4 Qh4 32. Rxd4 Qxd4 33. Nd5
Kh8 34. Rd1 Qe5 35. g3 Rb8 36. Rb1 Rxb1+ 37. Qxb1 {[#] Schönes Zusammenspiel
zwischen wD+S gegen den sK. Dafür gibt es eine Medaille 
(Endspiel+Figurenspiel+Angriff)} Qe2 38. Kg2 g6 39. Ne3 Ng5 40. Qd1 {[%csl Ye7,
Yf6,Yf8] Gibt den Ba2 für Spiel auf den geschwächten schwarzen Feldern rund um
den schwarzen König.} Qxa2 41. Qd4+ Kg8 42. h4 Ne6 43. Qf6 {[%csl Rf7,Rh6]
[%cal Re3g4,Yg4e5] [#]} h5 {[%cal Gh5g4]} 44. Nd5 {[%csl Rf7,Rg6][%cal Rd5e7,
Re7g6]} Qc2 45. Ne7+ Kf8 46. Nc8 {[%csl Ra7,Rf7][%cal Rc8d6,Rc8a7,Yd6f7,Rf6h8]
[#]} Qe4+ (46... Qxc4 47. Qh8#) 47. Kg1 {[%cal Gg1f2]} Qd4 48. Qe7+ Kg8 (48...
Kg7 49. Nd6 Qf6 50. Ne8+) 49. Nd6 Qd1+ 50. Kg2 Nf4+ 51. Kh2 (51. gxf4 Qg4+ 52.
Kh2 Qxf4+ 53. Kg1 Qg4+ 54. Kf1 Qd1+ $11) 51... Ne2 {[#] Weiß greift sich nun
zwei Bauern mit Schach und sichert dann den König. Ende der Durchsage.} 52.
Qxf7+ Kh8 53. Qe8+ Kh7 54. Qd7+ Kg8 55. Qc8+ Kh7 56. Qb7+ Kh8 57. Qb8+ Kh7 58.
Qxa7+ Kg8 59. Qf7+ Kh8 60. Qf6+ Kh7 61. Kg2 1-0

[Event "Julian Borowski-A 3rd"]
[Site "Essen"]
[Date "2001.05.11"]
[Round "9"]
[White "Sutovsky, Emil"]
[Black "Romanishin, Oleg M"]
[Result "1/2-1/2"]
[WhiteElo "2604"]
[BlackElo "2559"]
[Annotator "Lukacs,P"]
[PlyCount "47"]
[EventDate "2001.05.02"]
[EventType "tourn"]
[EventRounds "9"]
[EventCountry "GER"]
[EventCategory "15"]
[SourceTitle "CBM 083"]
[Source "ChessBase"]
[SourceDate "2001.07.05"]
[SourceVersion "1"]
[SourceVersionDate "2001.07.05"]
[SourceQuality "1"]

1. e4 {[%mdl 4] Wells} e5 2. Nf3 Nc6 3. Bc4 Nf6 4. Ng5 d5 5. exd5 Na5 6. Bb5+
c6 7. dxc6 bxc6 8. Be2 h6 9. Nf3 e4 10. Ne5 Bd6 {Wells: 'This gambit was for a
long time held to be absolutely fine for black, and thus 4 Ng5 was a rare bird
in tournament practice. However, black's lead in development, though
significant, is not vast, and he does have to solve the question of his
structural weakness on the queen's wing too. In short, it is not surprising
that in the search for the new among the remnants of the old, that white has
revived this variation, and demanded proof.'} 11. d4 exd3 12. Nxd3 O-O (12...
Qc7 {is the main line, but after} 13. h3 O-O 14. O-O {it may lead to 12...0-0})
13. O-O (13. Bf4 $5 {-Bellini-Romanishin, Reggio Emilia 2001 CBM 81}) (13. b3 {
- Arakhamia-Smyslov, Women-Veterans London 1996 CBM 55}) 13... Qc7 {Black has
sufficient compensation for the sacrificed P, because his pieces are very
active, and White has still problems of development. Black's task is to
improve his N's position, because on a5 he is out of play.} 14. h3 {Wells:
'Black's lead in development has induced a slight weakness of his opponent's
king-side.'} c5 {/\ Bb7, or Rb8} (14... Bf5 {is another possibility to develop
the B.}) 15. b3 (15. Nc3 {/\ Nb5} Rb8 16. a3 (16. Bf3 c4 {The N has to retreat
to a passive position.} 17. Ne1 Rd8 18. Qe2 Re8 19. Qd2 Rd8 20. Qe2 {It is
better for White to repeat the moves quietly.} (20. Qe3 $2 {allows Black to
improve his pieces even more.} Bf5 21. Be2 Re8 22. Qf3 Bd7 $1 {/\ Bc6} 23. Bxh6
{Desperation.} Bc6 24. Qf5 {(Siepenkoetter-Klovans, Berliner Sommer 1993)} Bh2+
$1 25. Kh1 Re5 26. Bf4 Rxf5 27. Bxc7 Bxc7 $19 {and Black is simply a piece up.}
) 20... Re8 $11) (16. Be3 c4 $15 {and the N has to retreat again.} (16... Nc4 {
and the outplaced N comes back with a tempo.} 17. Qc1 (17. Bc1 $5) 17... Nxe3 {
^^} 18. fxe3 Re8 $44 {Z.Todorovic-Mencinger, Pula op 1990})) 16... Rd8 17. Qe1
Re8 {Here we see the same motif again.} 18. Qd1 (18. Qd2 Bb7 $5 $44 (18... Nc4
{is also promising, for example:} 19. Qd1 Bf5 20. b3 Na5 21. a4 a6 22. Ba3 Rbd8
$13 {Ch.Bauer-Anic, FRA-ch Narbonne 1997})) 18... Rd8 $11 {with repetition of
moves.}) (15. Bd2 Rd8 ({or simply} 15... c4 $5 {again chasing the bad N.}) 16.
Bf3 Rb8 17. Qe1 $6 {White's play is too sophisticated.} (17. b3 c4) 17... Nc6 {
Black has improved his N's position.} 18. Bc3 Re8 19. Qc1 c4 $1 20. Bxf6 gxf6 {
Black is not afraid of corrupting his >>, because the ^^ is more important in
an opened position like this. His K is safe, because White's pieces suffer
from lack of development.} 21. Qxh6 (21. Bxc6 Qxc6) 21... cxd3 22. Bd5 (22.
cxd3 Bf4 23. Qxf6 Re6 $19) 22... Be6 (22... Nb4 $1 {is even simpler} 23. Qg6+
Kf8 24. Qh6+ Ke7 25. Re1+ Be5 $19) 23. Be4 f5 $1 24. Qg5+ Kf8 25. Bxd3 Bf4 26.
Qh4 Be5 $19 {Stangl-Federov, Munich op 1992}) (15. Bf3 Rb8 16. b3 c4 17. bxc4
Nxc4 {Now White's P structure is shattered, and the N is excellent on c4.} 18.
Nd2 Ne5 19. Nxe5 Bxe5 20. Rb1 Bf5 21. Rxb8 Rxb8 22. c4 Qa5 23. Re1 Bc3 24. Bd5
Nxd5 25. cxd5 Qxa2 $15 {Euler-Malaniuk, Werfen op-A 1996}) (15. Nc3 $5 {
Wells: is more structurally ambitious, but of course the advance of the c-pawn
can harry white's pieces, and if it wins enough space it can again be counted
as dynamic asset rather than static liability!}) 15... c4 $1 16. bxc4 Nxc4 {
Wells: 'Off-side knight and isolated c-pawn transformed into a formidable
beast.'} 17. Nd2 Be6 18. Nxc4 Bxc4 19. Bf3 (19. Bb2 Ne4 20. Bf3 f5 {Black's
centralized pieces compensate the sacrificed P.} 21. a4 Rad8 22. Ba3 Bxa3 (
22... Rfe8 {is also enough for equality.} 23. Bxd6 Qxd6 24. Re1 Bxd3 25. cxd3
Qxd3 26. Qxd3 Rxd3 27. Rad1 Rxd1 28. Rxd1 $11 {A.Sokolov-Norris, Capella op
2000}) 23. Rxa3 Qd6 {winning back the material.} 24. Ra1 Bxd3 $11 {Colias-R.
Anderson, Philadelphia op 1987}) 19... Rae8 {'!' Wells.} 20. Bb2 Ne4 21. Bxe4 {
Wells: 'Pragmatic, but also a recognition that he has got nothing out of the
opening.'} (21. Re1 $2 {Wells} Bh2+) 21... Rxe4 {^^} 22. Qd2 (22. Re1 f5 $1 (
22... Rxe1+ 23. Qxe1 Rb8 24. Qc3 $14 {allows White to consolidate his position.
}) 23. Qh5 (23. a3 Rfe8 24. Qh5 R8e7 25. Rxe4 fxe4 26. Nb4 e3 27. fxe3 Rxe3 $44
{opening up the position for the active ^^.}) 23... Rxe1+ 24. Rxe1 (24. Nxe1
Bc5) 24... Bxa2 (24... Qb6 25. Be5 Bxa2 26. Bxd6 Qxd6 27. Ra1 Qb6 $11) 25. Qg6
Bd5 $13) 22... Rfe8 {Black has nothing to fear.} 23. Qc3 (23. Rfe1 $6 Bxd3 24.
cxd3 Bb4 $1 $15) 23... f6 24. Ba3 1/2-1/2

[Event "Villa Martelli Ann 50th"]
[Site "Villa Martelli"]
[Date "2005.08.27"]
[Round "10"]
[White "Rodriguez Vila, Andres"]
[Black "Slipak, Sergio"]
[Result "1-0"]
[WhiteElo "2523"]
[BlackElo "2489"]
[Annotator "Lukacs,P"]
[PlyCount "87"]
[EventDate "2005.08.17"]
[EventType "tourn"]
[EventRounds "10"]
[EventCountry "ARG"]
[EventCategory "13"]
[SourceTitle "CBM 109"]
[Source "ChessBase"]
[SourceDate "2005.11.14"]
[SourceVersion "1"]
[SourceVersionDate "2005.11.14"]
[SourceQuality "1"]

1. e4 e5 2. Nf3 Nc6 3. Bc4 Nf6 4. Ng5 d5 5. exd5 Na5 6. Bb5+ c6 7. dxc6 bxc6 8.
Be2 h6 9. Nf3 e4 10. Ne5 Qd4 $5 (10... Bd6 {- Sutovsky-Romanishin, Essen 2001
CBM 083}) 11. f4 {is played more often, though white can lose an opportunity
to castle.} (11. Ng4 Bxg4 12. Bxg4 Bd6 $1 {preventing White from short castle.}
(12... Bc5 13. O-O O-O {is the natural plan of development.} (13... e3 $5 {
Black creates a strong o^ on f2, but may lose the [+]!} 14. Bf3 exf2+ 15. Kh1
$44 O-O 16. c3 Qd3 {otherwise d4 comes immediately.} 17. Be2 (17. b4 Rae8 $1 {
/\ Qe1}) 17... Qg6 18. d4 (18. b4 Bd6 19. bxa5 {wins the useless N on the edge
of the boards, but gives excellent attacking chances for Black.} Ne4 $1 20. Ba3
Bxh2 $1 $40) 18... Bd6 19. Rxf2 (19. Bd3 Ne4 20. Qf3 f5 21. b4 Nb7 22. Nd2 Rae8
$44) 19... Ne4 20. Rf3 Qh5 21. Qg1 Rfe8 $44 {Rosenfeld-Marshall, Bath Beach
1909}) 14. c3 Qe5 15. d4 exd3 16. b4 Nxg4 17. Qxg4 Bd6 18. f4 Qe2 $1 $132 {
Radchenko}) 13. Be2 O-O 14. d3 exd3 15. Qxd3 Qe5 {Black has a better
development for the sacrifised pawn and threaten to use opened lines for his
rooks for his ->.} 16. f4 Qe7 17. O-O Rfe8 $1 $44 {Kritz-Rosentalis,
Bayern-chl 2000}) 11... Bc5 {Development first!} (11... g5 $6 {is dubious:} 12.
c3 Qd5 13. d4 exd3 14. Qxd3 Qe6 15. Nf3 gxf4 16. Bxf4 Nd5 17. Bd2 $16 {Steinitz
}) 12. Rf1 Qd6 (12... Bd6 13. c3 Qb6 (13... Qd5 14. b4 Bxe5 15. fxe5 Qxe5 16.
bxa5 {White wins the piece again, but his positions lacks harmony.} Qxh2 17.
Qa4 $1 O-O 18. Ba3 Qh4+ 19. Kd1 Re8 $44) 14. Qa4 (14. b4 Nb7 15. Na3 O-O 16.
Nac4 Qc7 $44) 14... O-O 15. b4 Nb7 16. Qxc6 Qd8 {White has two extra pawns,
but his K is in the middle.} 17. Na3 {(Estrin-Leonidov, SU 1972)} Re8 $44) (
12... Qd8 13. d4 (13. c3 {/\ d4 which can be played at once!} Bd6 (13... Nd5 $2
14. Qa4 $1 $16 {/\ b4}) 14. d4 exd3 15. Qxd3 Qc7 $44) 13... Bb6 $5 (13... Qxd4
14. Qxd4 Bxd4 15. c3 Bb6 16. Nd2 $14 {White gave back the P, but after the
simplifications the weaknesses of the black P structure begin to tell.}) (13...
Bxd4 14. c3 Bb6 15. Qxd8+ Bxd8 16. Nd2 $14 {is similar to the previous note.})
(13... exd3 14. Qxd3 Qc7 {avoiding the exchange of queens deserves attention.}
15. Bd2 Rb8 $44 {Paoli-Pogats, Kecskemet 1962}) 14. b4 (14. Be3 {runs into} Nd5
15. Bg1 O-O 16. c4 Nb4 17. Qd2 Nd3+ 18. Bxd3 exd3 19. Qxd3 Re8 $44 {
Ragozin-Geller, SU 1949}) 14... Nd5 $1 {This is another nice positional piece
sacrifice, the a5 N is so bad that sometimes Black just leaves it there.} 15.
bxa5 Qh4+ 16. g3 Bxa5+ 17. Bd2 Qxh2 18. Bxa5 Qxg3+ $11 {Geller} 19. Kd2 Qe3+ {
and draw by repetition of moves.}) 13. c3 ({Here} 13. d4 $2 {is feeble due to}
Bxd4 14. c3 Bxe5 $15) 13... Bb6 (13... Nb7 {improving the pathetic N on the
edge of the board.} 14. b4 (14. d4 exd3 15. Qxd3 Nd5 $44) 14... Bb6 15. Na3 O-O
16. Nac4 Qc7 (16... Qd5 17. a4 Bc7 $13) (16... Qe6 $5) 17. a4 {(Anderssen-De
Riviere, Paris 1860)} a5 $44) 14. Qa4 (14. b4 Nb7 {- 13...Nb7}) (14. d4 exd3
15. Qxd3 Nd5 16. Bf3 O-O $13) 14... Bd7 (14... O-O 15. b4 Nb7 16. Qxc6 Qe7 17.
Bb2 Bf5 18. c4 $14 {If White can finish his development, the extra pawns will
be very valuable.}) 15. b4 Nb7 16. Na3 O-O 17. Nac4 Qc7 18. Ba3 Rfe8 $44 {
White's main problem is his K, it is not easy to find a suitable shelter for
him.} 19. g4 $6 {This looks hazardous, White is not strong enough in the [+]
to begin a flank ->.} (19. O-O-O a5 $40) (19. Bb2 Rad8 $44) 19... c5 (19... Nd6
20. Nxd6 Qxd6 21. b5 c5 22. Nxd7 (22. g5 hxg5 $13) 22... Nxd7 23. O-O-O $13 {
and at least White has castled.}) 20. b5 (20. Nxd7 Nxd7 21. b5 Nd8 {/\ Ne6
activating the wakward N.} 22. Ne3 Ne6 $13) 20... Be6 21. O-O-O (21. g5 hxg5
22. fxg5 Nd7 {Now White has to give up his stronghold on e5.} (22... Nd5 23.
Bh5 Rf8) 23. Nxd7 Qxd7 24. O-O-O Bc7 $13) 21... Nd7 22. Nxd7 (22. h3 Rad8 $13)
22... Bxd7 23. Ne5 Nd6 (23... a6 $40 {opening the lines on the << looked
logical.}) 24. Qb3 (24. Nxd7 Qxd7 $44) 24... Be6 25. c4 f6 (25... a6 $5 {
was still possible.}) 26. f5 Bxf5 27. gxf5 Rxe5 {Black has won back the P and
a very complicated original middlegame has arisen.} 28. Qh3 (28. Bg4 Kh8 29.
Bb2 Re7 {/\ a6}) (28. Bb2 Rxf5 29. Rxf5 Nxf5 30. Qh3 Nd4 $15) 28... Qf7 29. Bb2
Nxc4 30. Bc3 (30. Bxe5 Nxe5 $36 {with good attacking chances for the
sacrificed exchange.}) 30... Re7 31. Rf4 Bc7 (31... Nd6) 32. Rh4 (32. Rg4 Kh7
33. Rdg1 Qd5 34. Qg2 Rg8 $13) 32... Ne5 33. Kb1 $6 {defending >< a2, but White
has no time for that.} (33. Rxe4 Kh7 $13) 33... Nf3 (33... Qd5 $1 34. Rg1 Kf8
$19 {was the easy way.}) 34. Qf1 (34. Bxf3 exf3 35. Qxf3 Rb8 $132) 34... Rd8 $2
{The situation is very complex, it is easy to go astray.} (34... Qe8 $1 {
was the best reply.} 35. Bxf3 (35. Bc4+ Kh7) 35... exf3 36. Qxf3 Qxb5+ $17) 35.
Bc4 $1 Rd5 {Black has to sacrifice the exchange, but this is not the end of
the world.} (35... Nxh4 $2 36. Bxf7+ Kxf7 37. Qc4+ Kf8 38. Qxc5 Bxh2 39. Ba5 $1
Bd6 40. Qc6 $16 {and Black has no full compensation for the Q.}) 36. Rh3 Ne5 $6
(36... Red7 $13) 37. Bxe5 Bxe5 $2 {In fact, this is the losing move.} (37...
Rexe5 38. Ra3 Bb6 $14 {was still playable.}) 38. Qg2 $18 {Now Black founders
on the pin on the a2-g8 /^.} Kf8 39. d3 $2 ({missing the simple} 39. Qxe4 Rd4 (
39... Red7 40. Re1 R7d6 41. Ra3 $18) 40. Qxd4 Bxd4 41. Bxf7 $18) 39... Qe8 $2 {
Black gave up the fight inside.} (39... Rb7 $1 {was the wonderful tactical
possibility to change the course of the game.} 40. Qxe4 Rxb5+ $1 41. Bxb5 Qb7
42. Qc4 a6 43. a4 axb5 44. Qxb5 (44. axb5 Rd6 $1 45. Qxc5 Qg2 $1 $132) 44...
Qc8 $44) 40. Bxd5 $18 Qxb5+ 41. Bb3 exd3 42. Rxh6 Rf7 43. Rh8+ Ke7 44. Qd5 1-0